=LDR 00000nam 2200000 4500 =001 NUTBA000000000004965 =005 20141015092009.0 =006 =007 =008 =020 ##$$a 978-979-9331-57-9 =035 ##$$a 0010-101400000000195 =040 ##$$a NBPDMAT =082 ##$$a 92 (Badaruddin II) =090 ##$$a 92 (Badaruddin II ) $b Mar s =100 ##$$a Mardanas Safwan =245 ##$$a Sultan Mahmud Badaruddin : $b Riwayat hidup dan perjuangannya (1767-1852) / $c Mardiana Safwan =260 ##$$a Jakarta : $b Mutiara Sumber Widya, $c 2010 =300 ##$$a v, 76 hlm. ; 21 cm. =500 ##$$a Bibliografi : hlm. 76 =650 ##$$a Badaruddin II, Sultan Mahmud =990 ##$$a 0001/BPAP-NTB/20142014